Normal view
MARC view
- الدويلات الاسلامية-تاريخ، الايوبيين والمماليك
Entry Topical Term
001 - CONTROL NUMBER
- control field: 10107
003 - CONTROL NUMBER IDENTIFIER
- control field: JO-AjAnu
005 - DATE AND TIME OF LATEST TRANSACTION
- control field: 20230606071926.0
008 - FIXED-LENGTH DATA ELEMENTS
- fixed length control field: 230606|| aca||aabn | a|a d
040 ## - CATALOGING SOURCE
- Original cataloging agency: JO-AjAnu
- Transcribing agency: JO-AjAnu
150 ## - HEADING--TOPICAL TERM
- Topical term or geographic name entry element: الدويلات الاسلامية-تاريخ، الايوبيين والمماليك
670 ## - SOURCE DATA FOUND
- Source citation: Work cat.: (JO-AjAnu)5207: جبران، نعمان محمود، م.مشارك العمادي، محمد حسن عبد الكريم, author 10106, دراسات في تاريخ الايوبيين والمماليك